19_山梨県の市町村(ひらがな対応・五十音順) - Statistics

General Stats
  • This quiz has been taken 47 times
  • The average score is 23 of 27
Answer Stats
種類 市町村名 % Correct
甲府市
100%
山梨市
100%
甲斐市
94%
甲州市
94%
富士川町
94%
富士吉田市
94%
南アルプス市
94%
上野原市
91%
大月市
91%
都留市
91%
富士河口湖町
91%
北杜市
91%
市川三郷町
88%
韮崎市
88%
中央市
84%
南部町
84%
身延町
84%
笛吹市
81%
小菅村
75%
丹波山村
75%
道志村
75%
西桂町
75%
山中湖村
75%
忍野村
72%
昭和町
72%
鳴沢村
69%
早川町
66%
No matching quizzes found
Score Distribution
Percent of People with Each Score
Percentile by Number Answered
Your Score History
You have not taken this quiz